000 00720nam a2200217 a 4500
001 000023417
005 20200930022214.0
008 101207s1962 sp 000 0 spa d
040 _aDO-SdBNP
_bspa
_cBNPHU
041 1 7 _aspa
_heng
_2Código de idiomas MARC
082 _ann*
_bnn*
100 1 _aWashington, Booker T.
_948212
240 1 0 _aUp from slavery.
_lEspañol
245 1 0 _aDe la esclavitud a la libertad :
_bautobiografía de un negro /
_cBooker T. Washington.
260 _aBarcelona :
_bFontanella,
_c1962.
300 _a247 p. ;
_c19 cm.
490 1 _aLa aventura humana. Crónica
_v2
534 _aTítulo orgininal :
_tUp from slavery
830 0 _aLa aventura humana.
_pCrónica
_v2
_948252
049 _aBNGR
999 _c22914
_d22914